| 000 | 01394nam0a22003251 4500 | ||
|---|---|---|---|
| 001 | v19\rc\1353104 | ||
| 005 | 20260405131939.0 | ||
| 035 | _a(NLR Aleph) 005220619 | ||
| 090 |
_a5501404 _c5501404 |
||
| 100 | _a20060512d1864 |||y0rusy50 ca | ||
| 101 | 1 |
_arus _cita |
|
| 102 | _aRU | ||
| 105 | _ay z ||||| | ||
| 200 | 1 |
_aГеркуланум _d(Ercolano) _eОпера в 4 д. _fМуз. Фелисиена Давида _gПер. с итал. текста, под муз. партицию А. Н-ва _zita |
|
| 210 |
_aСанкт-Петербург _cтип. Ф. Стелловского _d1864 |
||
| 215 |
_a75 с. _d23 |
||
| 300 | _aАвторы установлены по изд.: Loewenberg. Annals of opera... С. 480 | ||
| 510 | 0 |
_a(Ercolano) _zita |
|
| 700 | 1 |
_7ca _8rus _aМери _bЖ. _f1798-1867 _gЖозеф _3RU\NLR\AUTH\7752774 _935707 |
|
| 701 | 1 |
_aАдо _bТ. |
|
| 702 | 1 |
_4230 _8rus _7ca _aДавид _bФ. _f1810-1876 _gФелисьен _3RU\NLR\AUTH\7752871 _935804 |
|
| 702 | 1 |
_4730 _8rus _7ca _aНиколаев _bА. Н. _cдраматург, переводчик _gАлександр Николаевич _3RU\NLR\AUTH\7752873 _935806 |
|
| 801 | 0 |
_aRU _bNLR _c20060512 _gpsbo |
|
| 801 | 0 |
_aRU _bRuMoRGB _c20060512 _2psbo |
|
| 801 | 1 |
_aRU _bProSoft-M _c20060512 _2rusmarc |
|
| 801 | 2 |
_aRU _bNLR _c20070607 _2rusmarc |
|
| 852 |
_aNLR _j18.147.2.273 |
||
| 942 | _cBOOK | ||
| 980 | _aNB | ||